000 00337nam a2200133Ia 4500
008 240624s9999 xx 000 0 und d
041 _aeng
082 _a658.4092 LAR
100 _aLARKIN ENDA
245 _aQUICKWIN LEADERSHIP ANSWERS TO YOUR TOP
260 _c2012
_aNew Delhi
_bPHI
300 _a239 : p. : cm. ; 21
365 _cRS
_b36
999 _c18974
_d18974